A theology of John's Gospel and letters / (Record no. 103)
[ view plain ]
| 000 -LEADER | |
|---|---|
| fixed length control field | 01830cam a2200217 a 4500 |
| 008 - FIXED-LENGTH DATA ELEMENTS--GENERAL INFORMATION | |
| fixed length control field | 120127s2009 miua b 001 0 eng |
| 020 ## - INTERNATIONAL STANDARD BOOK NUMBER | |
| International Standard Book Number | 0310269865 |
| 020 ## - INTERNATIONAL STANDARD BOOK NUMBER | |
| International Standard Book Number | 9780310269861 :L16.10/Langham |
| 100 1# - MAIN ENTRY--PERSONAL NAME | |
| Personal name | Kostenberger, Andreas J., |
| Dates associated with a name | 1957- |
| 245 12 - TITLE STATEMENT | |
| Title | A theology of John's Gospel and letters / |
| Statement of responsibility, etc | Andreas J. Kostenberger. |
| 260 ## - PUBLICATION, DISTRIBUTION, ETC. (IMPRINT) | |
| Place of publication, distribution, etc | Grand Rapids, Mich. : |
| Name of publisher, distributor, etc | Zondervan, |
| Date of publication, distribution, etc | c2009. |
| 300 ## - PHYSICAL DESCRIPTION | |
| Extent | 652 p. ; |
| Dimensions | 24 cm. |
| 490 0# - SERIES STATEMENT | |
| Series statement | Biblical theology of the New Testament |
| 504 ## - BIBLIOGRAPHY, ETC. NOTE | |
| Bibliography, etc | Includes bibliographical references (p. 568-614) and indexes. |
| 505 0# - FORMATTED CONTENTS NOTE | |
| Formatted contents note | Johannine theology and the historical setting of John's Gospel and letters -- The genre of John's Gospel and letters -- Linguistic and literary dimensions of John's Gospel and letters -- A literary-theological reading of John's Gospel -- A literary-theological reading of John's letters -- John's worldview and use of scripture -- The Messiah and His signs -- The Word: creation and new creation -- God, Father, Son, and Spirit -- Salvation history: Jesus' fulfillment of festal symbolism -- The cosmic trial motif: the world, the Jews, and the witnesses to Jesus -- The new Messianic community: divine sovereignty and human responsibility -- The Johannine love ethic -- John's theology of the cross -- John's trinitarian mission theology -- The theology of John and other New Testament voices. |
| 520 ## - SUMMARY, ETC. | |
| Summary, etc | Building on many years of research and study in Johannine literature, Andreas Kostenberger not only furnishes an exhaustive theology of John's Gospel and letters, but also provides a detailed study of major themes and relates them to the Synoptic Gospels and other New Testament books. --from publisher description |
| 630 ## - SUBJECT ADDED ENTRY--UNIFORM TITLE | |
| Uniform title | Bible. |
| Name of part/section of a work | N.T. |
| -- | Epistles of John |
| General subdivision | Theology. |
| 630 ## - SUBJECT ADDED ENTRY--UNIFORM TITLE | |
| Uniform title | Bible. |
| Name of part/section of a work | N.T. |
| -- | John |
| General subdivision | Theology. |
| 541 ## - IMMEDIATE SOURCE OF ACQUISITION NOTE | |
| Accession number | 34836 |
| -- | 00041339 |
| 942 00 - ADDED ENTRY ELEMENTS (KOHA) | |
| Koha issues (borrowed), all copies | 1 |
| Withdrawn status | Lost status | Source of classification or shelving scheme | Damaged status | Not for loan | Home library | Current library | Shelving location | Date acquired | Source of acquisition | Accession number | Total Checkouts | Full call number | Barcode | Date last seen | Date last borrowed | Price effective from | Koha item type |
|---|---|---|---|---|---|---|---|---|---|---|---|---|---|---|---|---|---|
| Library of Congress Classification | BSOP Library | BSOP Library | GC | 11/27/2011 | Gift : Langham | 34836 | 1 | BS2601 K84t 2009 | 00041339 | 07/18/2013 | 07/18/2013 | 02/23/2013 | Books |
